000 00347 a2200157 4500
001 177035
020 _a
040 _cMagnum
100 _aWerneck, Leny
240 1 0 _aO velho que foi embora
_lpor
245 1 0 _aO velho que foi embora
362 0 _a1899
440 1 _aMelhoramentos
697 _aMAGNITO: IJ/SOCIEDADE COTIDIAN
942 _cBK
999 _c177035
_d177035